Analýza charakteristiky krídla elektrickej formuly

Salvato in:
Dettagli Bibliografici
Autore principale: Kozubjáková, Nikola (Autore)
Altri autori: Gálik, Gabriel (Relatore della tesi)
Natura: Manoscritto Libro
Lingua:slovacco
Pubblicazione: 2019
Soggetti:
Accesso online:http://is.stuba.sk/zp/portal_zp.pl?podrobnosti=135369
Tags: Aggiungi Tag
Nessun Tag, puoi essere il primo ad aggiungerne!!

MARC

LEADER 00000ntm a22000003a 4500
001 stuzp70913
003 SK-STU
005 20190729130706.6
007 ta
008 150427s2015----xo-----f-mn---000-0-slo-d
040 |a STU  |b slo 
041 0 |a slo 
044 |a xo 
100 1 |a Kozubjáková, Nikola  |u 030400  |4 aut  |U FEI Fakulta elektrotechniky a informatiky  |T FEI Ústav automobilovej mechatroniky  |X 86380  |U E400  |Y 642  |7 86380 
242 0 1 |a Analysis of the characteristics of the electric racing car’s wing  |y eng 
245 1 0 |a Analýza charakteristiky krídla elektrickej formuly 
260 |c 2019 
300 |a 65 s., príl.,  |b CD-ROM 
650 4 |a CFD  |2 slo 
650 4 |a aerodynamika vozidla  |2 slo 
650 4 |a prítlačné krídlo  |2 slo 
650 4 |a prítlak  |2 slo 
650 4 |a odpor  |2 slo 
650 4 |a CFD  |2 eng 
650 4 |a aerodynamics  |2 eng 
650 4 |a rear wing  |2 eng 
650 4 |a downforce  |2 eng 
650 4 |a drag  |2 eng 
700 1 |a Gálik, Gabriel  |u 030400  |k Z2  |4 ths  |U FEI Fakulta elektrotechniky a informatiky  |T FEI Ústav automobilovej mechatroniky  |X 55772  |U E400  |Y 642  |7 A000055772 
856 4 |u http://is.stuba.sk/zp/portal_zp.pl?podrobnosti=135369 
996 |b 284ER02984  |c E*Bc- 2984  |l EE30  |s P  |a 0  |w stuzp70913_0001